000 00673nam a2200205Ia 4500
003 GCL
008 140319s9999 xx 000 0 ara d
040 _aGCL /
_cGCL
082 0 4 _aط
_b813.02
_bم ك
100 1 _aناديا دياب
245 1 0 _aكتب الفراشة - حكايات محبوبة : معروف الاسكافى /
_cناديا دياب
250 _aالثانية
260 _aبيروت :
_bمكتبة لبنان ،
_c1993
300 _a31 ص ؛
_c24 سم
490 _aكتب الفراشة حكايات محبوبة
_v2
650 0 4 _aالقصص العربية
650 0 4 _aالاطفال
650 0 4 _aقصص الاطفال
942 _2ddc
_cBK
999 _c32092
_d32092